00128nam a22000617a 4500082001500000100001700015245003400032 a813.4bJAM aJams, Henry. aBest of Henry James (Vol-2) /